| 000 | 00646nam a2200229 a 4500 | ||
|---|---|---|---|
| 005 | 20240910064143.0 | ||
| 008 | 021107s2000 mx r 000 0 spa d | ||
| 020 | _a8440697422 | ||
| 035 | _aUPN01000120844 | ||
| 049 | _aCG | ||
| 050 | 4 |
_aBF1045 L7 _bW3.58 |
|
| 100 | 1 |
_aWeiss, Brian, _d1944- |
|
| 245 | 1 | 4 |
_aLos mensajes de los sabios / _cBrian Weiss ; tr. Carlos Mayer. |
| 260 |
_aBarcelona, Esp. : _bEdiciones B, _c2000. |
||
| 300 | _a324 p. | ||
| 440 | 0 | _aMillenium | |
| 534 |
_pTraducción de: _tMessages from the masters |
||
| 650 | 4 |
_aAmor _94320 |
|
| 650 | 4 |
_aConducta de vida _94416 |
|
| 650 | 4 |
_aAutoestima _92906 |
|
| 905 | _aLibro | ||
| 999 |
_c93178 _d93178 |
||